Regional planning and its organization in Turkey / (Kayıt no. 10245)
[ düz görünüm ]
| 000 -BAŞLIK | |
|---|---|
| Sabit Uzunluktaki Kontrol Alanı | 01037nam a2200229 4500 |
| 003 - KONTROL NUMARASI KİMLİĞİ | |
| Kontrol Alanı | KOHA_MİRAKIL |
| 005 - EN SON İŞLEM TARİHİ ve ZAMANI | |
| Kontrol Alanı | 20260415082000.0 |
| 008 - SABİT UZUNLUKTAKİ VERİ ÖGELERİ - GENEL BİLGİ | |
| Sabit Alan | 260415b tu ||||| |||| 00| 0 tur d |
| 040 ## - KATALOGLAMA KAYNAĞI | |
| Özgün Kataloglama Kurumu | TR-AnABB |
| Kataloglama Dili | tur |
| Çeviri Kurumu | TR-AnABB |
| 041 ## - DİL KODU | |
| Metin ya da ses kaydının dil kodu | tur |
| 082 ## - DEWEY ONU SINIFLAMA SİSTEMİ | |
| Sınıflama Numarası | 307.12 |
| Cutter numarası | TEK 1964 |
| 100 1# - KİŞİ ADI | |
| Yazar Adı (Kişi adı) | Tekeli, İlhan |
| 245 10 - ESER ADI BİLDİRİMİ | |
| Başlık | Regional planning and its organization in Turkey / |
| Sorumluluk Bildirimi | İlhan Tekeli |
| 250 ## - BASIM BİLDİRİMİ | |
| Basım Bildirimi | 2. basım |
| 260 ## - YAYIN, DAĞITIM, VB. | |
| Yayın Yeri | Ankara : |
| Yayınevi | [yayl.y.] |
| Yayın Tarihi | 1964 |
| 300 ## - FİZİKSEL TANIMLAMA | |
| Sayfa, Cilt vb. | 70 sayfa ; |
| Boyutları | 30 cm |
| 500 ## - GENEL NOT | |
| Genel Not | Kitap içerisinde Prof. Dr. Ruşen Keleş'in paragraf sonu çizimleri ve vurguları yer almaktadır. |
| 505 ## - İÇİNDEKİLER NOTU | |
| İçindekiler Notu | İçindekiler: Development of regional planning concept in Turkey - Central planning organization and regional planning - Pilot Projeckt - General Studies - Short Term projects - Truizm sector studies - Studies for regulations - Development of regional planning department - Future regional planning projects |
| 650 04 - KONU BAŞLIĞI EK GİRİŞ - KONU TERİMİ | |
| Konusal terim veya coğrafi ad | Bölgesel planlama, Türkiye |
| 650 04 - KONU BAŞLIĞI EK GİRİŞ - KONU TERİMİ | |
| Konusal terim veya coğrafi ad | Bölgesel planlama |
| 942 ## - EK GİRİŞ ÖGELERİ (KOHA) | |
| Sınıflama Kaynağı | Dewey Decimal Classification |
| Materyal Türü | Kitap |
| 900 ## - YEREL BİLGİ | |
| Kontrol | Can ÇELIK |
| Geri Çekilme Durumu | Kayıp Durumu | Sınıflandırma Kaynağı | Kredi için değil | Kalıcı Konum | Mevcut Konum | Kayıt Tarih | Toplam Ödünçverme | Yer Numarası | Demirbaş Numarası | Son Görülme Tarihi | Fatura Tarihi | Materyal Türü |
|---|---|---|---|---|---|---|---|---|---|---|---|---|
| Dewey Decimal Classification | Prof. Dr. Ruşen Keleş Kütüphanesi | Prof. Dr. Ruşen Keleş Kütüphanesi | 15/04/2026 | 307.12 TEK 1964 | RK7086 | 15/04/2026 | 15/04/2026 | Kitap |
